Statistics for 2000s Celebrities by Picture #1

Click here to take the quiz!

General Stats

  • This quiz has been taken 35,747 times
    (18,022 since last reset)
  • The average score is 14 of 20

Answer Stats

Answer % Correct
Brad Pitt
94%
George Clooney
94%
Angelina Jolie
92%
Snoop Dogg
91%
Jack Black
87%
Steve Jobs
87%
Paris Hilton
78%
Anne Hathaway
76%
Christina Aguilera
75%
Kristen Stewart
70%
Robert Pattinson
67%
Drew Barrymore
66%
Lucy Liu
65%
Penélope Cruz
61%
Jason Statham
61%
Jessica Alba
57%
Ed Norton
53%
Jennifer Garner
52%
Tony Blair
45%
Miranda Kerr
25%

Score Distribution

Percentile by Number Answered

Percent of People with Each Score

Your Score History

You have not taken this quiz since the last reset